|
|
|
|
| LEADER |
00000nam0a2200000 4500 |
| 001 |
265023 |
| 005 |
20251220071621.0 |
| 035 |
|
|
|a (RuTPU)RU\TPU\book\288021
|
| 090 |
|
|
|a 265023
|
| 100 |
|
|
|a 20140623d1988 k y0rusy50 ca
|
| 101 |
0 |
|
|a rus
|
| 102 |
|
|
|a RU
|
| 105 |
|
|
|a a z 001zy
|
| 200 |
1 |
|
|a Физика магнитных материалов
|e межведомственный тематический сборник научных трудов
|f Калининский государственный университет
|
| 210 |
|
|
|a Калинин
|c Изд-во Калининского гос. ун-та
|d 1988
|
| 215 |
|
|
|a 136 с.
|c ил.
|
| 320 |
|
|
|a Библиография в конце статей
|
| 606 |
1 |
|
|a Магнитные материалы
|x Физика
|2 stltpush
|3 (RuTPU)RU\TPU\subj\40824
|9 60654
|
| 610 |
1 |
|
|a кристаллическая структура
|
| 610 |
1 |
|
|a физические свойства
|
| 610 |
1 |
|
|a постоянные магниты
|
| 610 |
1 |
|
|a перемагничивание
|
| 610 |
1 |
|
|a микроструктура
|
| 610 |
1 |
|
|a магнитные параметры
|
| 675 |
|
|
|a 537.622
|v 3
|
| 712 |
0 |
2 |
|7 ca
|8 rus
|a Калининский государственный университет
|c 1971-1990
|2 stltpush
|3 (RuTPU)RU\TPU\col\6821
|9 24273
|
| 801 |
|
1 |
|a RU
|b 63413507
|c 20140623
|
| 801 |
|
2 |
|a RU
|b 63413507
|c 20150427
|g RCR
|
| 942 |
|
|
|c BK
|